Normal view
MARC view
- JAWAIRIA RASHEED
Entry Personal Name
001 - CONTROL NUMBER
- control field: 72807
003 - CONTROL NUMBER IDENTIFIER
- control field: NUST
005 - DATE AND TIME OF LATEST TRANSACTION
- control field: 20210628204916.0
008 - FIXED-LENGTH DATA ELEMENTS
- fixed length control field: 210628|| aca||aabn | a|a d
040 ## - CATALOGING SOURCE
- Original cataloging agency: NUST
- Transcribing agency: NUST
100 ## - HEADING--PERSONAL NAME
- Personal name: JAWAIRIA RASHEED
670 ## - SOURCE DATA FOUND
- Source citation: Work cat.: (NUST): JAWAIRIA RASHEED , TH-SOF-0764-HIDDEN PATTERN IDENTIFICATION USING SPATIAL CLUSTERING IN CENTRALIZED HEALTH CARE ARCHITECTURE FOR ARRHYTHMIA DETECTION, 2001
